MARC details
| 000 -CABECERA |
| campo de control de longitud fija |
00907nam a2200241 a 4500 |
| 001 - NÚMERO DE CONTROL |
| campo de control |
000000034 |
| 003 - IDENTIFICADOR DEL NÚMERO DE CONTROL |
| campo de control |
OCoLC |
| 005 - FECHA Y HORA DE LA ÚLTIMA TRANSACCIÓN |
| campo de control |
20250410131857.0 |
| 008 - DATOS DE LONGITUD FIJA--INFORMACIÓN GENERAL |
| campo de control de longitud fija |
081127s2008 dr r 001 0 spa d |
| 020 ## - NÚMERO INTERNACIONAL ESTÁNDAR DEL LIBRO |
| Número Internacional Estándar del Libro |
9789945020311 |
| 020 ## - NÚMERO INTERNACIONAL ESTÁNDAR DEL LIBRO |
| Número Internacional Estándar del Libro |
9945020315 |
| 040 ## - FUENTE DE LA CATALOGACIÓN |
| Centro catalogador/agencia de origen |
DO-SdBNP |
| Lengua de catalogación |
spa |
| Centro/agencia transcriptor |
BNPHU |
| 082 ## - NÚMERO DE LA CLASIFICACIÓN DECIMAL DEWEY |
| Número de clasificación |
923.47293 |
| Número de documento/Ítem |
A345a |
| 100 1# - ENTRADA PRINCIPAL--NOMBRE DE PERSONA |
| Nombre de persona |
Alburquerque Zayas-Bazán, Rafael, |
| Fechas asociadas al nombre |
1908-2004 |
| 9 (RLIN) |
142 |
| 245 10 - MENCIÓN DE TÍTULO |
| Título |
Años imborrables : |
| Resto del título |
episodios autobiográficos / |
| Mención de responsabilidad, etc. |
Rafael Alburquerque Zayas-Bazán. |
| 260 ## - PUBLICACIÓN, DISTRIBUCIÓN, ETC. |
| Lugar de publicación, distribución, etc. |
Santo Domingo : |
| Nombre del editor, distribuidor, etc. |
Archivo General de la Nación, |
| Fecha de publicación, distribución, etc. |
2008. |
| 300 ## - DESCRIPCIÓN FÍSICA |
| Extensión |
162 p. ; |
| Dimensiones |
23 cm. |
| 490 1# - MENCIÓN DE SERIE |
| Mención de serie |
Archivo General de la Nación |
| Designación de volumen o secuencia |
46 |
| 505 0# - NOTA DE CONTENIDO CON FORMATO |
| Título |
Nota preliminar -- |
| -- |
Presentación -- |
| -- |
Preámbulo -- |
| -- |
1930 -- |
| -- |
1937 -- |
| -- |
1946 -- |
| -- |
1946 -- |
| -- |
1947 -- |
| -- |
1950 -- |
| -- |
1952 -- |
| -- |
1958 -- |
| -- |
1960 -- |
| -- |
1961. |
| 830 #0 - PUNTO DE ACCESO ADICIONAL DE SERIE-TÍTULO UNIFORME |
| Título uniforme |
Archivo General de la Nación |
| Número de parte o sección de la obra |
46 |
| 9 (RLIN) |
143 |
| 910 ## - DATOS DE OPCIÓN DEL USUARIO (OCLC) |
| Datos de opción del usuario |
Validado. Control de calidad. MFF |
| 942 ## - ELEMENTOS DE PUNTO DE ACCESO ADICIONAL (KOHA) |
| Fuente del sistema de clasificación o colocación |
Dewey Decimal Classification |
| Tipo de ítem Koha |
Libro |